MARC details
| 000 -LEADER |
| fixed length control field |
03872fam a2200433 a 4500 |
| 001 - CONTROL NUMBER |
| control field |
2095988 |
| 003 - CONTROL NUMBER IDENTIFIER |
| control field |
ARRUPE |
| 005 - DATE AND TIME OF LATEST TRANSACTION |
| control field |
20140225020012.0 |
| 008 - FIXED-LENGTH DATA ELEMENTS--GENERAL INFORMATION |
| fixed length control field |
970508s1998 nju b 001 0 eng |
| 010 ## - LIBRARY OF CONGRESS CONTROL NUMBER |
| LC control number |
97015848 |
| 020 ## - INTERNATIONAL STANDARD BOOK NUMBER |
| International Standard Book Number |
0691043485 (alk. paper) |
| 020 ## - INTERNATIONAL STANDARD BOOK NUMBER |
| International Standard Book Number |
0691074518 (pbk.) |
| 035 ## - SYSTEM CONTROL NUMBER |
| System control number |
(OCoLC)36922746 |
| 035 ## - SYSTEM CONTROL NUMBER |
| System control number |
(OCoLC)ocm36922746 |
| 035 ## - SYSTEM CONTROL NUMBER |
| System control number |
(NNC)2095988 |
| 040 ## - CATALOGING SOURCE |
| Original cataloging agency |
DLC |
| Transcribing agency |
DLC |
| Modifying agency |
NNC |
| -- |
OrLoB-B |
| 041 1# - LANGUAGE CODE |
| Language code of text/sound track or separate title |
eng |
| Language code of original and/or intermediate translations of text |
fre |
| 050 00 - LIBRARY OF CONGRESS CALL NUMBER |
| Classification number |
B2779 |
| Item number |
.L6613 1997 |
| 300 ## - PHYSICAL DESCRIPTION |
| Dimensions |
24 cm. |
| 100 1# - MAIN ENTRY--PERSONAL NAME |
| Personal name |
Longuenesse, Béatrice, |
| Dates associated with a name |
1950- |
| 9 (RLIN) |
8678 |
| 240 10 - UNIFORM TITLE |
| Uniform title |
<a href="Kant et le pouvoir de juger.">Kant et le pouvoir de juger.</a> |
| Language of a work |
English |
| 245 10 - TITLE STATEMENT |
| Title |
Kant and the capacity to judge : |
| Remainder of title |
sensibility and discursivity in the transcendental analytic of the Critique of pure reason / |
| Statement of responsibility, etc |
Béatrice Longuenesse. |
| 260 ## - PUBLICATION, DISTRIBUTION, ETC. (IMPRINT) |
| Place of publication, distribution, etc |
Princeton, NJ : |
| Name of publisher, distributor, etc |
Princeton University Press, |
| Date of publication, distribution, etc |
c1998. |
| 263 ## - PROJECTED PUBLICATION DATE |
| Projected publication date |
9712 |
| 300 ## - PHYSICAL DESCRIPTION |
| Extent |
xv, 420 p. ; |
| 504 ## - BIBLIOGRAPHY, ETC. NOTE |
| Bibliography, etc |
Includes bibliographical references (p. [401]-407) and indexes. |
| 505 00 - FORMATTED CONTENTS NOTE |
| Miscellaneous information |
Ch. 1. |
| Title |
Synthesis and Judgment -- |
| Miscellaneous information |
Ch. 2. |
| Title |
The "Threefold Synthesis" and the Mathematical Model -- |
| Miscellaneous information |
Ch. 3. |
| Title |
The Transition to Judgment -- |
| Miscellaneous information |
Ch. 4. |
| Title |
Logical Definitions of Judgment -- |
| Miscellaneous information |
Ch. 5. |
| Title |
How Discursive Understanding Comes to the Sensible Given: Comparison of Representations and Judgment -- |
| Miscellaneous information |
Ch. 6. |
| Title |
Concepts of Comparison, Forms of Judgment, Concept Formation -- |
| Miscellaneous information |
Ch. 7. |
| Title |
Judgments of Perception and Judgments of Experience -- |
| Miscellaneous information |
Ch. 8. |
| Title |
Synthesis Speciosa and Forms of Sensibility -- |
| Miscellaneous information |
Ch. 9. |
| Title |
The Primacy of Quantitative Syntheses -- |
| Miscellaneous information |
Ch. 10. |
| Title |
The Real as Appearance: Imagination and Sensation -- |
| Miscellaneous information |
Ch. 11. |
| Title |
The Constitution of Experience -- |
| -- |
Conclusion: The Capacity to Judge and "Ontology as Immanent Thinking" |
| 520 ## - SUMMARY, ETC. |
| Summary, etc |
Kant claims to have established his table of categories or "pure concepts of the understanding" according to the "guiding thread" provided by logical forms of judgment. By drawing extensively on Kant's logical writings, Beatrice Longuenesse analyzes this controversial claim, and then follows the thread through its continuation in the transcendental deduction of the categories, the transcendental schemata, and the principles of pure understanding. |
| 520 8# - SUMMARY, ETC. |
| Summary, etc |
The result is a systematic, persuasive new interpretation of the Critique of Pure Reason. |
| 520 8# - SUMMARY, ETC. |
| Summary, etc |
Longuenesse shows that although Kant adopts his inventory of the forms of judgment from logic textbooks of his time, he is nevertheless original in selecting just those forms he holds to be indispensable to our ability to relate representations to objects. Kant gives formal representation to this relation between conceptual thought and its objects by introducing the term "x" into his analysis of logical forms to stand for the object that is "thought under" the concepts that are combined in judgment. |
| 520 8# - SUMMARY, ETC. |
| Summary, etc |
This "x" plays no role in Kant's forms of logical inference, but instead plays a role in clarifying the relation between logical forms (forms of concept subordination) and combinations ("syntheses") of perceptual data, necessary for empirical cognition. |
| 520 8# - SUMMARY, ETC. |
| Summary, etc |
Considering Kant's logical forms of judgment thus helps illuminate crucial aspects of the Transcendental Analytic as a whole, while revealing the systematic unity between Kant's theory of judgment in the first Critique and his analysis of "merely reflective" (aesthetic and teleological) judgments in the third Critique. Longuenesse opens new avenues for investigating the relation between logic, psychology, and metaphysics in Kantian and post-Kantian philosophy. |
| 600 10 - SUBJECT ADDED ENTRY--PERSONAL NAME |
| Personal name |
Kant, Immanuel, |
| Dates associated with a name |
1724-1804 |
| General subdivision |
Contributions in doctrine of judgment. |
| 9 (RLIN) |
8679 |
| 600 10 - SUBJECT ADDED ENTRY--PERSONAL NAME |
| Personal name |
Kant, Immanuel, |
| Dates associated with a name |
1724-1804. |
| Title of a work |
Kritik der reinen Vernunft. |
| 9 (RLIN) |
8680 |
| 650 #0 - SUBJECT ADDED ENTRY--TOPICAL TERM |
| Topical term or geographic name as entry element |
Judgment. |
| 9 (RLIN) |
8681 |
| 900 ## - EQUIVALENCE OR CROSS-REFERENCE-PERSONAL NAME [LOCAL, CANADA] |
| Numeration |
TOC |
| 942 ## - ADDED ENTRY ELEMENTS (KOHA) |
| Source of classification or shelving scheme |
Library of Congress Classification |
| Koha item type |
Monograph ( Printed materials) |
| Koha issues (borrowed), all copies |
1 |
| 948 2# - LOCAL PROCESSING INFORMATION (OCLC); SERIES PART DESIGNATOR (RLIN) |
| Series part designator, SPT (RLIN) |
20070110 |
| b (OCLC) |
a |
| c (OCLC) |
rad1 |
| d (OCLC) |
MPS |
| 948 2# - LOCAL PROCESSING INFORMATION (OCLC); SERIES PART DESIGNATOR (RLIN) |
| Series part designator, SPT (RLIN) |
20070110 |
| b (OCLC) |
a |
| c (OCLC) |
rad1 |
| d (OCLC) |
MPS |